header

Monitoring bathing waters (Record no. 63556)

MARC details
000 -LEADER
fixed length control field 01479nam a2200361Ia 4500
082 04 - DEWEY DECIMAL CLASSIFICATION NUMBER
Classification number 628.1/61
245 00 - TITLE STATEMENT
Title Monitoring bathing waters
260 ## - PUBLICATION, DISTRIBUTION, ETC. (IMPRINT)
Place of publication London ;
-- New York :
Name of publisher E&FN Spon,
Year of publication 2000.
300 ## - PHYSICAL DESCRIPTION
Number of Pages xiii, 335 p. :
Other physical details ill.
500 ## - GENERAL NOTE
General note "Published on behalf of EPA"-- Cover.
650 #0 - SUBJECT ADDED ENTRY--TOPICAL TERM
Topical Term Water quality
Topical Term Water
Topical Term Recreation areas
700 1# - ADDED ENTRY--PERSONAL NAME
Personal name Bartram, Jamie.
Personal name Rees, Gareth.
856 40 - ELECTRONIC LOCATION AND ACCESS
Uniform Resource Identifier http://site.ebrary.com/lib/rucke/Doc?id=10054708

No items available.

© 2026 Rongo University
Contact us: librarian | system librarian | Rongo university